02092nam a2200205 a 4500008004100000020001800041041000800059092001700067100002900084245005300113250003900166260003500205300001100240500009200251505133100343655002101674942001301695999001501708952016301723180205e2014 sp ||||g |||| 00| 0 spa d a9788498386134 aspa c808l68sPRE 1aPredicatori, Paola94366 3aLa lluvia en tu habitación/cPaola Predicatori a2a ed.bTraducción Patricia Orts aBarcelona:bSalamandra;c2014. a220 p. aPredicatori, P. (2014). La lluvia en tu habitación. (2a ed.). Barcelona : Salamandra. aA sus diecisiete años, Alessandra ha vivido una de las experiencias más dolorosas: el cáncer se ha llevado a su madre y ahora se encuentra entre la aceptación de una pérdida insoportable y un agudo sentimiento de abandono. Al reincorporarse a la escuela, en un impulso se sienta en el último pupitre junto a Gabriele, ese chico al que todos los alumnos llaman Cero: cero palabras, cero estilo, cero notas. Un tipo silencioso, solitario e ignorado por todos, el gran perdedor de la clase, aunque él no parece darse por aludido. Alessandra se concierte así en la nueva habitante de Cerolandia, el país de la nada, de las sombras, del olvido. Cero acoge a Alessandra con una indiferencia que ella agradece, aunque, poco a poco, esa indiferencia va suscitando en ella una curiosidad tan irresistible como insidiosa, pues interfiere en su dolor y llama a la puerta de su obstinada soledad. Cero es, por supuesto, más interesante de lo que parece, con su eterno mutismo, sus repetidas e inoportunas ausencias y un notable talento para el dibujo. Así, inesperadamente, el vínculo que se crea entre los dos, un extraño pacto tácito de amistad, va más allá de la atracción romántica y, para Alessandra, el primer invierno sin su madre cobra una nueva perspectiva que le devuelve las ganas de vivir.  aLiteratura92917 2ddccLIT c3325d3325 00102ddc4070aBFMbBFMcCRd2026-05-26eDonación Mayo 2026l0o808 68 PREp5164r2026-05-26tEj. 1w2026-05-26yLITzDonación Mayo 2026. Sede Tordos.f